Formando juventudes: estado del arte de las propuestas formativas en el área de la salud con jóvenes en Medellín, Colombia 2000-2006 = Forming youths: state of the art of formative proposals in the field of health with youths of Medellin, Colombia 2000-2006 /

Guardat en:
Dades bibliogràfiques
Autor principal: Gallo Restrepo, Nancy Eliana
Format: Text
Etiquetes: Afegir etiqueta
Sense etiquetes, Sigues el primer a etiquetar aquest registre!

MARC

LEADER 00000 a a2200000 04500
001 47927
003
040
100 |a Gallo Restrepo, Nancy Eliana  
245 |a Formando juventudes: estado del arte de las propuestas formativas en el área de la salud con jóvenes en Medellín, Colombia 2000-2006 =   |b Forming youths: state of the art of formative proposals in the field of health with youths of Medellin, Colombia 2000-2006 /  |c Nancy Eliana Gallo Restrepo  
773 |g número144, (2014), páginas 183-195  
999 |c 23173  |d 23173 
773 0 |0 18728  |9 1628  |a Universidad de Costa Rica  |d San José, Costa Rica Editorial UCR 1956-  |o 18152  |t Revista de Ciencias Sociales/  |x 04825276